• 首页
  • 本馆介绍
  • 公告通知
  • 最新文献
  • 馆藏检索
  • 电子资源
  • 读者导购
  • 参考咨询
  • 我的图书馆
  • 登录
  • 详细信息显示
  • 放入我的书架
  • 预约/预借图书
  • 作者相关作品
  • 分类相关作品
  • 丛书相关作品
  • 出版社相关作品

书目信息

  • 表格格式
  • 工作单格式
  • 卡片格式
题名:
怎样写美术字
    
 
作者: 孟林 , 毛亨 编绘
分册:  
出版信息: 呼和浩特   内蒙古人民出版社  1983.09
页数: 99页
开本: 13cm
丛书名:
单 册:
中图分类: J292.13
科图分类:
主题词: 书法--中国 , 篆刻--中国
电子资源:
ISBN:
000 00622nam0 2200229 45
001 0309231783
005 20031219104115.5
010    @dCNY0.60
091    @a8089.140
100    @a20030923d1983 km y0chiy0120 ea
101 0  @achi
105    @aa z 000yy
200 1  @a怎样写美术字@AZen Yang Xie Mei Shu Zi@f孟林,毛亨编绘@FMeng Lin,Mao Heng Bian Hui
210    @a呼和浩特@c内蒙古人民出版社@d1983.09
215    @a99页@d13cm
606 0  @a书法@x中国
606 0  @a篆刻@x中国
690    @aJ292.13@v3
701  0 @a孟林@4编绘
701  0 @a毛亨@4编绘
801    @aCN@bTSTC@c20030923
905    @f2@b228738-739@dJ292.13@e228
    
    怎样写美术字/孟林,毛亨编绘.-呼和浩特:内蒙古人民出版社,1983.09
    99页;13cm
    
    
    ISBN :CNY0.60
    
●
相关链接 在E读中查询图书 在五车中查询图书 在当当中查询图书 在豆瓣中查询图书


正题名:怎样写美术字     索取号:J292.13/228         预约/预借

序号 登录号 条形码 馆藏地/架位号 状态 备注
1 0228738   001847728   密集书库/ [索取号:J292.13/228] 在馆    
2 0228739   001847719   密集书库/ [索取号:J292.13/228] 在馆    
唐山师范学院图书馆 欢迎您!
大连网信软件有限公司© 版权所有